[Event "Hanoi op"]
[Site "Hanoi"]
[Date "2022.08.29"]
[Round "9"]
[White "Duong, Thuong Cong"]
[Black "Dang, Anh Minh"]
[Result "0-1"]
[WhiteElo "1952"]
[BlackElo "2144"]
[PlyCount "166"]
[EventDate "2022.08.20"]
[EventType "swiss"]
[EventRounds "9"]
[EventCountry "VIE"]
[SourceTitle "CBM 209 Extra"]
[Source "ChessBase"]
[SourceDate "2022.09.30"]
[SourceVersion "1"]
[SourceVersionDate "2022.09.30"]
[SourceQuality "1"]

1. e4 c5 2. Nf3 d6 3. c3 Nf6 4. Bd3 Nc6 5. 0-0 e5 6. h3 Be7 7. Bc2 0-0 8. Re1 Qc7 9. d3 b5 10. Be3 d5 11. Nbd2 dxe4 12. dxe4 a6 13. Qe2 Bb7 14. a4 c4 15. b3 cxb3 16. Nxb3 b4 17. Nc5 bxc3 18. Nxb7 Qxb7 19. Rab1 Qc8 20. Qc4 Nd4 21. Qxc8 Nxf3+ 22. gxf3 Rfxc8 23. f4 exf4 24. Bxf4 Nh5 25. Bh2 Bg5 26. Rb7 Bf4 27. Bb3 c2 28. Rxf7 c1Q 29. Rxf4+ Kh8 30. Rf8+ Rxf8 31. Rxc1 Nf4 32. Bxf4 Rxf4 33. e5 g6 34. e6 Re8 35. Rc6 Rb4 36. Bc4 a5 37. Bb5 Re4 38. Ra6 R8xe6 39. Rxa5 Re1+ 40. Kg2 Ra1 41. Ra8+ Kg7 42. Ra7+ Kh6 43. Rd7 Rf6 44. Rd2 Ra3 45. Re2 Kg5 46. Re4 Ra2 47. h4+ Kh6 48. Be2 Rd6 49. Bb5 Rf6 50. Be2 Rf5 51. Kg3 Ra3+ 52. f3 Rc5 53. Bb5 Rcc3 54. Rf4 Kg7 55. Be8 Rc7 56. Rd4 Ra2 57. Bb5 Ra3 58. Rd2 Rf7 59. Rf2 Rf6 60. Rf1 h5 61. Rf2 Kh6 62. Be8 Re6 63. Bd7 Re1 64. Bc6 Rg1+ 65. Kh2 Rga1 66. Kg3 R3a2 67. Rxa2 Rxa2 68. Kf4 Kg7 69. Ke5 Rh2 70. Kd6 Rxh4 71. a5 Rh1 72. Kc7 Ra1 73. Kb6 Kf6 74. a6 g5 75. a7 Ke5 76. Bb5 Rxa7 77. Kxa7 Kf4 78. Be2 h4 79. Kb6 Ke3 80. Bb5 Kxf3 81. Kc5 g4 82. Kd4 g3 83. Bc6+ Kf2 0-1

[Event "Hanoi op"]
[Site "Hanoi"]
[Date "2022.08.27"]
[Round "7"]
[White "Pham, Tran Gia Phuc"]
[Black "Duong, Thuong Cong"]
[Result "1-0"]
[WhiteElo "2011"]
[BlackElo "1952"]
[PlyCount "85"]
[EventDate "2022.08.20"]
[EventType "swiss"]
[EventRounds "9"]
[EventCountry "VIE"]
[SourceTitle "CBM 209 Extra"]
[Source "ChessBase"]
[SourceDate "2022.09.30"]
[SourceVersion "1"]
[SourceVersionDate "2022.09.30"]
[SourceQuality "1"]

1. Nf3 d6 2. g3 e5 3. d3 Be7 4. c4 c6 5. Nc3 Nf6 6. Bg2 h6 7. Rb1 Be6 8. b4 Qc8 9. b5 Bh3 10. bxc6 bxc6 11. 0-0 Bxg2 12. Kxg2 0-0 13. c5 Nbd7 14. cxd6 Bxd6 15. Bb2 Rd8 16. Qc2 Nf8 17. Qa4 Ng6 18. Ba3 Bxa3 19. Qxa3 Nd5 20. Kh1 Qg4 21. Qa4 h5 22. Ne4 f5 23. Nc5 Qxa4 24. Nxa4 e4 25. dxe4 fxe4 26. Ng5 e3 27. f4 Nge7 28. Rb7 Nf5 29. Ne6 Rd6 30. Ng5 Nde7 31. Rfb1 g6 32. Nc5 Kg7 33. Nce6+ Kf6 34. Nc7 Rh8 35. Ne4+ Kf7 36. Nxd6+ Nxd6 37. Rxa7 Kf6 38. Ra8 Nec8 39. Kg2 Rh7 40. Ne8+ Kf5 41. Nxd6+ Nxd6 42. Ra5+ Ke6 43. Re5+ 1-0

[Event "VIE-chT"]
[Site "Hanoi"]
[Date "2022.04.01"]
[Round "8.18"]
[White "Luu, Huong Cuong Thinh"]
[Black "Duong, Thuong Cong"]
[Result "1/2-1/2"]
[WhiteElo "1445"]
[BlackElo "1952"]
[PlyCount "38"]
[EventDate "2022.03.28"]
[EventType "swiss"]
[EventRounds "9"]
[EventCountry "VIE"]
[SourceTitle "EXT 2023"]
[Source "ChessBase"]
[SourceDate "2022.10.05"]
[SourceVersion "1"]
[SourceVersionDate "2022.10.05"]
[SourceQuality "1"]

1. d4 d6 2. Nf3 Nf6 3. g3 g6 4. Bg2 Bg7 5. 0-0 0-0 6. b3 c6 7. Bb2 Bf5 8. Nbd2 d5 9. e3 Nbd7 10. c4 Ne4 11. Qe2 Ndf6 12. Rac1 Nxd2 13. Nxd2 Qd7 14. Rfd1 Rac8 15. e4 dxe4 16. Nxe4 Nxe4 17. Bxe4 Bxe4 18. Qxe4 Rfd8 19. Rc2 e6 1/2-1/2

[Event "VIE-ch"]
[Site "Ho Chi Minh City"]
[Date "2021.03.30"]
[Round "9"]
[White "Duong, Thuong Cong"]
[Black "Dau, Khuong Duy"]
[Result "1-0"]
[WhiteElo "1980"]
[BlackElo "1706"]
[PlyCount "105"]
[EventDate "2021.03.24"]
[EventType "swiss"]
[EventRounds "9"]
[EventCountry "VIE"]
[SourceTitle "EXT 2022"]
[Source "ChessBase"]
[SourceDate "2021.10.06"]
[SourceVersion "1"]
[SourceVersionDate "2021.10.06"]
[SourceQuality "1"]

1. e4 c5 2. Nf3 d6 3. Bb5+ Nd7 4. 0-0 a6 5. Bc4 Ngf6 6. Re1 e6 7. a4 b6 8. d4 Bb7 9. Nc3 cxd4 10. Nxd4 Be7 11. Bxe6 fxe6 12. Nxe6 Qb8 13. Nd5 Bxd5 14. Nxg7+ Kf7 15. exd5 Ne5 16. Nf5 Re8 17. Bg5 Qc8 18. Nh6+ Kg7 19. f4 Ng6 20. Re6 Qc5+ 21. Kh1 Nxd5 22. Nf5+ Kf7 23. b4 Nxb4 24. Rxe7+ Rxe7 25. Nxd6+ Kg8 26. Bxe7 Nxe7 27. Qg4+ Ng6 28. Qe6+ Kh8 29. Qf6+ Kg8 30. Qf7+ Kh8 31. Qf6+ Kg8 32. Qe6+ Kh8 33. f5 Qd4 34. Rf1 Nf8 35. Nf7+ Kg8 36. Nh6+ Kg7 37. f6+ Kxh6 38. Qh3+ Kg6 39. Qg3+ Kf7 40. Qg7+ Ke6 41. Qe7+ Kd5 42. Qb7+ Kc5 43. Qxa8 Qd6 44. Qc8+ Nc6 45. Qxa6 Qd4 46. Qe2 Qe5 47. Qb5+ Kd6 48. Qxb6 Qe2 49. Qb1 Kc7 50. c3 h5 51. Qf5 h4 52. Qf4+ Kc8 53. Kg1 1-0

[Event "VIE-ch"]
[Site "Hanoi"]
[Date "2020.10.10"]
[Round "8"]
[White "Duong, Thuong Cong"]
[Black "Tong, Thai Hung"]
[Result "1-0"]
[WhiteElo "2007"]
[BlackElo "2190"]
[PlyCount "99"]
[EventDate "2020.10.05"]
[EventType "swiss"]
[EventRounds "9"]
[EventCountry "VIE"]
[SourceTitle "EXT 2022"]
[Source "ChessBase"]
[SourceDate "2021.10.06"]
[SourceVersion "1"]
[SourceVersionDate "2021.10.06"]
[SourceQuality "1"]

1. e4 c5 2. Nf3 Nc6 3. Nc3 Nf6 4. d4 cxd4 5. Nxd4 d6 6. Be2 g6 7. Be3 Bg7 8. h4 h5 9. f3 Ne5 10. Qd2 a6 11. a4 Bd7 12. a5 Qc7 13. Na4 Bxa4 14. Rxa4 0-0 15. c4 e6 16. 0-0 d5 17. exd5 exd5 18. cxd5 Nxd5 19. Bh6 Bxh6 20. Qxh6 Rfe8 21. f4 Ne3 22. fxe5 Nxf1 23. Bc4 Qxe5 24. Qxg6+ Kh8 25. Qh6+ Kg8 26. Bxf1 Rad8 27. Nf3 Qc5+ 28. Kh2 Qd6+ 29. Qxd6 Rxd6 30. Rb4 Re7 31. Ng5 Kg7 32. Rf4 Rd2 33. b4 Rb2 34. Rd4 Re1 35. Bd3 Rd1 36. Rd7 Rxb4 37. Rxf7+ Kh8 38. Be4 b6 39. axb6 Rxb6 40. Ra7 Rd4 41. Kg3 Rf6 42. Bf3 Rd3 43. Ne4 Rg6+ 44. Kf4 Ra3 45. Ng5 Rg7 46. Nf7+ Kg8 47. Bd5 Rg4+ 48. Kf5 Kf8 49. Ne5 Rgg3 50. Kf6 1-0

[Event "VIE-chT"]
[Site "Ho Chi Minh City"]
[Date "2019.10.01"]
[Round "8.6"]
[White "Duong, Thuong Cong"]
[Black "Tran, Quoc Dung"]
[Result "0-1"]
[WhiteElo "2007"]
[BlackElo "2339"]
[PlyCount "112"]
[EventDate "2019.09.26"]
[EventType "team-swiss"]
[EventRounds "9"]
[EventCountry "VIE"]
[SourceTitle "EXT 2020"]
[Source "ChessBase"]
[SourceDate "2019.10.17"]
[SourceVersion "1"]
[SourceVersionDate "2019.10.17"]
[SourceQuality "1"]

1. e4 c5 2. Nf3 d6 3. d4 cxd4 4. Nxd4 Nf6 5. Nc3 a6 6. g3 e6 7. Bg2 Be7 8. 0-0 0-0 9. Be3 Nbd7 10. f4 Qc7 11. f5 e5 12. Nb3 b5 13. a3 Nb6 14. g4 Nc4 15. Bc1 Qa7+ 16. Kh1 Ne3 17. Bxe3 Qxe3 18. Rf3 Qg5 19. Rg3 Ra7 20. Qe2 Rc7 21. Rf1 d5 22. Nd2 Rxc3 23. Rxc3 Nxg4 24. Rg3 h5 25. Bf3 dxe4 26. Bxg4 hxg4 27. Rxg4 Qh6 28. Nxe4 Rd8 29. f6 Bf8 30. fxg7 Be7 31. Rg2 Bh3 32. Qf3 Bxg2+ 33. Kxg2 Qxg7+ 34. Kh1 Kf8 35. Qf5 Ke8 36. Ng3 Bd6 37. Qe4 Qg6 38. Nf5 Kf8 39. Rg1 Qf6 40. Qg4 Ke8 41. Qe4 Kf8 42. h4 Bc5 43. Rg2 Be7 44. h5 Rd1+ 45. Kh2 Rf1 46. Qg4 Ke8 47. Ng7+ Kd8 48. Rd2+ Bd6 49. Kg2 Rf4 50. Qg3 Ke7 51. Re2 Kf8 52. Rd2 Rd4 53. Rxd4 exd4 54. Qh3 Kxg7 55. Qg4+ Kh6 56. Qc8 Be5 0-1

[Event "VIE-chT"]
[Site "Ho Chi Minh City"]
[Date "2019.09.27"]
[Round "2.21"]
[White "Duong, Thuong Cong"]
[Black "Do, Thanh Dat"]
[Result "1-0"]
[WhiteElo "2007"]
[BlackElo "1911"]
[PlyCount "73"]
[EventDate "2019.09.26"]
[EventType "team-swiss"]
[EventRounds "9"]
[EventCountry "VIE"]
[SourceTitle "EXT 2020"]
[Source "ChessBase"]
[SourceDate "2019.10.17"]
[SourceVersion "1"]
[SourceVersionDate "2019.10.17"]
[SourceQuality "1"]

1. e4 c6 2. d4 d5 3. exd5 cxd5 4. Bd3 Nc6 5. c3 Nf6 6. h3 e6 7. Nf3 Qc7 8. 0-0 Be7 9. Re1 0-0 10. Nbd2 a6 11. a4 Rb8 12. Qe2 Bd7 13. Ne5 b5 14. Ndf3 bxa4 15. Nxd7 Qxd7 16. Rxa4 a5 17. Bb5 Bd6 18. Bxc6 Qxc6 19. Rxa5 Ne4 20. Nd2 Nf6 21. Qd3 Rfc8 22. Ra6 Qc7 23. b4 Bf4 24. Ra3 Bxd2 25. Bxd2 Qc4 26. Qg3 Ne4 27. Rxe4 dxe4 28. Bh6 g6 29. Qe5 f6 30. Qxf6 Rb7 31. Qe5 Qd5 32. Qg3 Rf7 33. Bf4 Rcf8 34. Ra5 Qb3 35. Bh6 Rc8 36. Rc5 Ra8 37. Rc7 1-0

[Event "VIE-ch"]
[Site "Ho Chi Minh City"]
[Date "2019.05.07"]
[Round "7"]
[White "Hoang, Canh Huan"]
[Black "Duong, Thuong Cong"]
[Result "1-0"]
[WhiteElo "2397"]
[BlackElo "2007"]
[PlyCount "63"]
[EventDate "2019.05.02"]
[EventType "swiss"]
[EventRounds "9"]
[EventCountry "VIE"]
[SourceTitle "CBM 190 Extra"]
[Source "ChessBase"]
[SourceDate "2019.07.15"]
[SourceVersion "1"]
[SourceVersionDate "2019.07.15"]
[SourceQuality "1"]

1. e4 e5 2. Bc4 Nf6 3. d3 d6 4. Nc3 Be7 5. f4 Nc6 6. Nf3 exf4 7. Bxf4 Na5 8. Bb3 Nxb3 9. axb3 0-0 10. 0-0 Bd7 11. Qd2 a5 12. Kh1 b6 13. h3 c5 14. Rae1 Bc6 15. Bh2 Ne8 16. d4 f6 17. Rd1 Rf7 18. Rfe1 b5 19. dxc5 dxc5 20. Qe2 Qb6 21. e5 Bf8 22. Nd5 Bxd5 23. Rxd5 fxe5 24. Rxe5 Nc7 25. Ng5 Rf6 26. Qe4 Rg6 27. Qf3 Rf6 28. Rf5 Rd8 29. Rxf6 gxf6 30. Bxc7 Qxc7 31. Ne6 Qe7 32. Qg3+ 1-0

[Event "VIE-ch"]
[Site "Ho Chi Minh City"]
[Date "2019.05.06"]
[Round "5"]
[White "Pham, Anh Kien1111"]
[Black "Duong, Thuong Cong"]
[Result "0-1"]
[WhiteElo "1363"]
[BlackElo "2007"]
[PlyCount "60"]
[EventDate "2019.05.02"]
[EventType "swiss"]
[EventRounds "9"]
[EventCountry "VIE"]
[SourceTitle "CBM 190 Extra"]
[Source "ChessBase"]
[SourceDate "2019.07.15"]
[SourceVersion "1"]
[SourceVersionDate "2019.07.15"]
[SourceQuality "1"]

1. d4 d6 2. Nf3 Nf6 3. Nbd2 g6 4. e4 Bg7 5. Bd3 Nbd7 6. 0-0 e5 7. d5 0-0 8. c4 Nc5 9. Bc2 a5 10. a3 Bd7 11. b3 c6 12. dxc6 Bxc6 13. Qe2 Qd7 14. Bb2 b5 15. Rfd1 Qb7 16. b4 axb4 17. axb4 Rxa1 18. Rxa1 bxc4 19. Bxe5 Ncxe4 20. Bxe4 Bxe4 21. Bxd6 Bd3 22. Qe3 Re8 23. Ra7 Qd5 24. Qc5 c3 25. Qxc3 Qxd6 26. h3 Bb5 27. Qc5 Qxc5 28. bxc5 Bh6 29. Nb3 Bc6 30. Nfd4 Re1+ 0-1

[Event "VIE-ch"]
[Site "Ho Chi Minh City"]
[Date "2019.05.02"]
[Round "2"]
[White "Duong, Thuong Cong"]
[Black "Nguyen, Van Huy"]
[Result "0-1"]
[WhiteElo "2007"]
[BlackElo "2456"]
[PlyCount "50"]
[EventDate "2019.05.02"]
[EventType "swiss"]
[EventRounds "9"]
[EventCountry "VIE"]
[SourceTitle "CBM 190 Extra"]
[Source "ChessBase"]
[SourceDate "2019.07.15"]
[SourceVersion "1"]
[SourceVersionDate "2019.07.15"]
[SourceQuality "1"]

1. e4 c6 2. d4 d5 3. exd5 cxd5 4. Bd3 Nc6 5. c3 Nf6 6. h3 g6 7. Nf3 Bf5 8. 0-0 Bxd3 9. Qxd3 Bg7 10. Bf4 0-0 11. Nbd2 a6 12. Rfe1 e6 13. Ne5 Rc8 14. Qe3 b5 15. Nd3 a5 16. Rec1 Nd7 17. Nb3 Re8 18. Ne5 a4 19. Nxd7 Qxd7 20. Nc5 Qe7 21. Qd3 e5 22. Re1 b4 23. Be3 a3 24. bxa3 bxc3 25. dxe5 d4 0-1

[Event "VIE Cup"]
[Site "Bac Giang"]
[Date "2018.06.04"]
[Round "8"]
[White "Duong, Thuong Cong"]
[Black "Pham, Xuan Dat"]
[Result "1-0"]
[WhiteElo "2008"]
[BlackElo "1885"]
[PlyCount "95"]
[EventDate "2018.05.30"]
[EventType "swiss"]
[EventRounds "9"]
[EventCountry "VIE"]
[SourceTitle "CBM 184 Extra"]
[Source "ChessBase"]
[SourceDate "2018.06.28"]
[SourceVersion "1"]
[SourceVersionDate "2018.06.28"]
[SourceQuality "1"]

1. e4 e6 2. d4 d5 3. exd5 exd5 4. Bd3 Nc6 5. Ne2 Bg4 6. Be3 Bd6 7. Nbc3 Nge7 8. f3 Bh5 9. Nb5 Bg6 10. c3 a6 11. Nxd6+ Qxd6 12. 0-0 0-0 13. Bf4 Qd7 14. Nc1 Nd8 15. Bxg6 hxg6 16. Nd3 Ne6 17. Bg3 f6 18. Re1 Kf7 19. Qb3 b5 20. Re2 Rfe8 21. Rae1 Nf5 22. Bf2 c6 23. Qc2 a5 24. g4 Nd6 25. Bg3 b4 26. Kf2 Nb7 27. h4 bxc3 28. bxc3 c5 29. Qb1 cxd4 30. cxd4 Rac8 31. Nf4 Nxf4 32. Bxf4 Rxe2+ 33. Rxe2 Nd6 34. Bxd6 Qxd6 35. Kg2 Rb8 36. Qc2 Qd7 37. h5 gxh5 38. gxh5 Rh8 39. Qg6+ Kf8 40. Rb2 Qc8 41. Rc2 Qd7 42. Qg3 Rg8 43. Rc7 Qe6 44. Kf2 g5 45. Rb7 Rh8 46. Qb8+ Qe8 47. Qd6+ Kg8 48. Qxd5+ 1-0

[Event "VIE Cup"]
[Site "Bac Giang"]
[Date "2018.06.02"]
[Round "6"]
[White "Duong, Thuong Cong"]
[Black "Nguyen, Anh Khoi"]
[Result "0-1"]
[WhiteElo "2008"]
[BlackElo "2454"]
[PlyCount "66"]
[EventDate "2018.05.30"]
[EventType "swiss"]
[EventRounds "9"]
[EventCountry "VIE"]
[SourceTitle "CBM 184 Extra"]
[Source "ChessBase"]
[SourceDate "2018.06.28"]
[SourceVersion "1"]
[SourceVersionDate "2018.06.28"]
[SourceQuality "1"]

1. e4 c5 2. Nf3 d6 3. d4 cxd4 4. Nxd4 Nf6 5. Nc3 a6 6. Be2 e6 7. 0-0 Be7 8. Be3 Qc7 9. f4 0-0 10. Qe1 b5 11. a3 Bb7 12. Bf3 Nbd7 13. Rd1 Rfe8 14. Nb3 Rac8 15. Qf2 Qb8 16. g4 Qa8 17. Qg2 Rxc3 18. bxc3 Bxe4 19. Bc1 d5 20. Rfe1 Nb6 21. g5 Bxf3 22. Qxf3 Ne4 23. Be3 Nc4 24. Bd4 Bxa3 25. Rd3 Bd6 26. Rf1 g6 27. Qg4 e5 28. fxe5 Nxe5 29. Qh4 Qd8 30. Bxe5 Rxe5 31. Rxd5 Rxd5 32. Qxe4 Rxg5+ 33. Kh1 Rh5 0-1

[Event "VIE-ch"]
[Site "Ho Chi Minh City"]
[Date "2018.04.27"]
[Round "2"]
[White "Nguyen, Phuoc Tam"]
[Black "Duong, Thuong Cong"]
[Result "1-0"]
[WhiteElo "2210"]
[BlackElo "1984"]
[PlyCount "57"]
[EventDate "2018.04.27"]
[EventType "swiss"]
[EventRounds "9"]
[EventCountry "VIE"]
[SourceTitle "CBM 184 Extra"]
[Source "ChessBase"]
[SourceDate "2018.06.28"]
[SourceVersion "1"]
[SourceVersionDate "2018.06.28"]
[SourceQuality "1"]

1. Nf3 Nf6 2. g3 g6 3. Bg2 Bg7 4. 0-0 0-0 5. d3 d6 6. e4 c5 7. h3 Nc6 8. Nbd2 Rb8 9. c3 b5 10. d4 b4 11. d5 bxc3 12. bxc3 Na5 13. Re1 Ba6 14. Qc2 Nd7 15. h4 Nc4 16. Nxc4 Bxc4 17. Bh3 Ne5 18. Nxe5 Bxe5 19. Bh6 Re8 20. f4 Bh8 21. h5 Qa5 22. hxg6 hxg6 23. e5 dxe5 24. Be6 e4 25. Qxe4 Bg7 26. Qxg6 Qxc3 27. Bxf7+ Kh8 28. Bxg7+ Qxg7 29. Qh5+ 1-0

[Event "VIE-ch"]
[Site "Bac Giang"]
[Date "2017.11.27"]
[Round "7"]
[White "Duong, Thuong Cong"]
[Black "Nguyen, Hoang Duc"]
[Result "0-1"]
[WhiteElo "2002"]
[BlackElo "2010"]
[PlyCount "68"]
[EventDate "2017.11.23"]
[EventType "swiss"]
[EventRounds "9"]
[EventCountry "VIE"]
[SourceTitle "CBM 181 Extra"]
[Source "ChessBase"]
[SourceDate "2017.12.12"]
[SourceVersion "1"]
[SourceVersionDate "2017.12.12"]
[SourceQuality "1"]

1. e4 d6 2. Nc3 Nf6 3. d3 Nbd7 4. Be3 c5 5. h3 b5 6. Qd2 g6 7. g3 b4 8. Nd1 Bb7 9. Bg2 Qc7 10. Ne2 d5 11. f3 h5 12. 0-0 Bg7 13. c3 bxc3 14. bxc3 c4 15. Rb1 0-0 16. Nd4 cxd3 17. Qxd3 dxe4 18. fxe4 Bxe4 19. Bxe4 Nc5 20. Bf4 e5 21. Qf3 Nfxe4 22. Nb5 Qd7 23. Be3 a6 24. Na3 Rac8 25. Kg2 Qa4 26. Bc1 Nd2 27. Bxd2 Qxa3 28. Rf2 e4 29. Qe3 Qxa2 30. Rb6 Qd5 31. c4 Qd8 32. Rb1 Nd3 33. Re2 Rxc4 34. Qa7 Qf6 0-1

[Event "VIE-ch"]
[Site "Bac Giang"]
[Date "2017.11.26"]
[Round "5"]
[White "Duong, Thuong Cong"]
[Black "Nguyen, Quang Trung"]
[Result "1/2-1/2"]
[WhiteElo "2002"]
[BlackElo "1956"]
[PlyCount "63"]
[EventDate "2017.11.23"]
[EventType "swiss"]
[EventRounds "9"]
[EventCountry "VIE"]
[SourceTitle "CBM 181 Extra"]
[Source "ChessBase"]
[SourceDate "2017.12.12"]
[SourceVersion "1"]
[SourceVersionDate "2017.12.12"]
[SourceQuality "1"]

1. e4 d5 2. exd5 Qxd5 3. Nc3 Qa5 4. d4 Nf6 5. h3 Bf5 6. Nf3 h6 7. Bc4 Nbd7 8. Bd2 c6 9. 0-0 e6 10. Re1 Be7 11. Bb3 Qc7 12. Ne2 g5 13. Ng3 Bg6 14. Ne5 Nxe5 15. dxe5 Nd7 16. Qe2 h5 17. Ne4 Bxe4 18. Qxe4 0-0-0 19. Be3 g4 20. hxg4 hxg4 21. Bf4 Rh5 22. Bc4 Rdh8 23. Kf1 Qb6 24. b3 Bb4 25. Red1 Bc3 26. Qd3 Bxa1 27. Qxd7+ Kb8 28. Be3 Rxe5 29. g3 Rxe3 30. fxe3 Qxe3 31. Qd6+ Kc8 32. Qd7+ 1/2-1/2